Co vlastně ti nevidomí dělají? : próza a poezie nevidomých autorů /

Další autoři: Mojžíšek, Jiří, 1952-, Kovaříková, Pavla, 1972-, Nouza, Jan, editor, Michálek, Miroslav, 1954-
Jazyk: Čeština
Vydáno: Praha : Okamžik, 2003
Témata:
Externí odkaz: Digitalizovaný dokument
Fyzický popis: 134 s. : il. ; 20 cm
Knihy
Uloženo v:
LEADER 01635nam a2200421 a 4500
001 000653967
003 CZ BrMZK
005 20080520130915.0
007 ta
008 030217s2003 xr g f cze d
015 |a cnb001201060 
020 |a 80-903247-0-3  |q (brož.) 
035 |a (OCoLC)53263185 
040 |a BOA001  |b cze 
072 7 |a 821.162.3  |x Česká literatura  |2 Konspekt  |9 25 
080 |a 808.1  |2 MRF 
080 |a 316.344.6-056.262  |2 MRF 
080 |a 821.162.3-1  |2 MRF 
080 |a 821.162.3-3  |2 MRF 
080 |a (0:82-1)  |2 MRF 
080 |a (0:82-3)  |2 MRF 
080 |a (082)  |2 MRF 
245 0 0 |a Co vlastně ti nevidomí dělají? :  |b próza a poezie nevidomých autorů /  |c Jiří Mojžíšek ... [et al.] ; ilustrovala Pavla Francová ; [připravili a uspořádali Jan Nouza a Miroslav Michálek] 
260 |a Praha :  |b Okamžik,  |c 2003 
300 |a 134 s. :  |b il. ;  |c 20 cm 
650 0 7 |a literární práce  |7 ph138747  |2 czenas 
650 0 7 |a nevidomí  |7 ph123276  |2 czenas 
655 7 |a česká poezie  |7 fd133958  |2 czenas 
655 7 |a české prózy  |7 fd133972  |2 czenas 
655 7 |a sborníky  |7 fd163935  |2 czenas 
700 1 |a Mojžíšek, Jiří,  |d 1952-  |7 xx0005957  |4 aut 
700 1 |a Kovaříková, Pavla,  |d 1972-  |7 xx0002233  |4 ill 
700 1 |a Nouza, Jan,  |c editor  |4 com 
700 1 |a Michálek, Miroslav,  |d 1954-  |7 jn19990209544  |4 com 
856 4 1 |u http://www.digitalniknihovna.cz/mzk/uuid/uuid:e3441c30-95e4-11e2-9a9f-005056827e51  |y Digitalizovaný dokument  |x NDK 
910 |a BOA001  |b 2-1114.155 
990 |a BK 
996 6 |b 2610181897  |c 2-1114.155  |l MZK  |r Sklad / do 1 hodiny  |n 10  |p p.v.  |w 000653967  |u 000010  |a 1  |e BOA001  |j MZK50  |s P